000 02147cam a2200385Ma 4500
001 00012988
003 WSP
005 20260416153410.0
006 m o d
007 cr |nu|||unuuu
008 220921s2022 si o 001 0 eng d
040 _aWSPC
_beng
_cWSPC
020 _a9789811261114
_q(ebook)
020 _a9811261113
_q(ebook)
020 _a9789811261107
_q(hbk.)
020 _a9811261105
_q(hbk.)
050 0 4 _aQA614.86.G62
072 7 _aMAT
_x034000
_2bisacsh
072 7 _aMAT
_x007010
_2bisacsh
072 7 _aMAT
_x003000
_2bisacsh
082 0 4 _a514.742
_221
049 _aMAIN
100 1 _aGolmankhaneh, Alireza Khalili.
245 1 0 _aFractal calculus and its applications :
_bF alpha-calculus /
_cAlireza Khalili Golmankhaneh.
260 _aSingapore :
_bWorld Scientific,
_c2022.
300 _a1 online resource (328 p.)
505 0 _aPreface -- Introduction to analysis of fractals -- Basic tools -- Fractal cantor like sets -- Fractal calculus -- Local fractal differential equations -- Stability of fractal differential equations -- Generalization of fractal calculus -- Applications of fractal calculus - Appendix - Bibliography - Index.
520 _a"Fractal calculus is the simple, constructive, and algorithmic approach to natural processes modeling, which is impossible using smooth differentiable structures and the usual modeling tools such as differential equations. It is the calculus of the future and will have many applications. This book is the first to introduce fractal calculus and provides a basis for the research and development of this framework. It is suitable for undergraduate and graduate students in mathematics and physics who have mastered general mathematics, quantum physics, and statistical mechanics, as well as researchers dealing with fractal structures in various disciplines"--
_cPublisher's website.
538 _aMode of access: World Wide Web.
538 _aSystem requirements: Adobe Acrobat reader.
650 0 _aFractals.
655 0 _aElectronic books.
856 4 0 _uhttps://www.worldscientific.com/worldscibooks/10.1142/12988#t=toc
942 _cE-BOOK
999 _c49746
_d49746